037_ Personnalités nées un 6 février par images - Statistiques

Statistiques générales
  • Ce quiz a été pris 45 fois
    24 depuis la dernière actualisation
  • Le résultat moyen est 5 sur 9
Statistiques - réponses
Par images Hint Réponse % Correct
Chanteur Bob Marley
100%
Acteur Jacques Villeret
75%
Dirigeant Politique Ronald Reagan
75%
Youtubeur Henry Tran
67%
Chanteur Rick Astley
63%
Politicienne Christine Boutin
42%
Réalisateur François Truffaut
25%
Politicien Olivier Marleix
21%
Actrice Crystal Reed
8%
Aucun quiz correspondant
Distribution des résultats
% des personnes avec chaque résultat
Percentile par nombre de réponses
Votre historique - résultats
Vous n’avez pas pris ce quiz depuis la dernière actualisation